2025–2026 Spanish Football League Teams - Statistics

General Stats
  • This quiz has been taken 113 times
  • The average score is 38 of 82
Answer Stats
League Team % Correct
LaLiga FC Barcelona
99%
LaLiga Athletic Club
98%
LaLiga Real Madrid
98%
LaLiga Valencia CF
94%
LaLiga Sevilla FC
93%
LaLiga Atletico de Madrid
91%
LaLiga Real Betis
90%
LaLiga Real Sociedad
88%
LaLiga RCD Espanyol
86%
LaLiga Villareal CF
86%
LaLiga Celta de Vigo
84%
LaLiga Girona FC
81%
LaLiga Getafe CF
80%
LaLiga RCD Mallorca
80%
LaLiga Levante UD
79%
LaLiga Hypermotion RC Deportivo
78%
LaLiga Real Oviedo
77%
LaLiga Hypermotion Real Zaragoza
77%
LaLiga Elche CF
75%
LaLiga Hypermotion Malaga CF
75%
LaLiga Hypermotion UD Las Palmas
75%
LaLiga Rayo Vallecano
74%
LaLiga CA Osasuna
72%
LaLiga Deportivo Alavés
72%
LaLiga Hypermotion Real Valladolid CF
69%
LaLiga Hypermotion Racing de Santander
67%
LaLiga Hypermotion Granada CF
65%
LaLiga Hypermotion Cadiz CF
59%
LaLiga Hypermotion Albacete BP
57%
LaLiga Hypermotion Real Sporting de Gijón
57%
LaLiga Hypermotion UD Almeria
57%
1ª RFEF (Group 2) Real Murcia
54%
1ª RFEF (Group 1) Tenerife
53%
LaLiga Hypermotion CD Leganes
51%
LaLiga Hypermotion SD Huesca
51%
LaLiga Hypermotion SD Eibar
48%
LaLiga Hypermotion Cordoba CF
47%
LaLiga Hypermotion CD Castellon
46%
1ª RFEF (Group 2) UD Ibiza
46%
LaLiga Hypermotion Real Sociedad B
43%
LaLiga Hypermotion FC Andorra
42%
LaLiga Hypermotion Burgos CF
41%
LaLiga Hypermotion Cultural Leonesa
40%
1ª RFEF (Group 2) Gimnastic Tarragona
38%
LaLiga Hypermotion AD Ceuta FC
37%
1ª RFEF (Group 1) Real Madrid Castilla
37%
1ª RFEF (Group 1) Unionistas CF
36%
1ª RFEF (Group 2) FC Cartagena
33%
LaLiga Hypermotion CD Mirandes
32%
1ª RFEF (Group 1) CD Guadalajara
31%
1ª RFEF (Group 2) AD Alcorcon
27%
1ª RFEF (Group 2) Marbella FC
27%
1ª RFEF (Group 1) CD Lugo
26%
1ª RFEF (Group 2) CE Sabadell
26%
1ª RFEF (Group 2) Hercules
26%
1ª RFEF (Group 2) Atletico Madrileño
25%
1ª RFEF (Group 1) Racing Ferrol
25%
1ª RFEF (Group 2) Sevilla Atletico
25%
1ª RFEF (Group 2) CD Teruel
23%
1ª RFEF (Group 2) Villareal B
23%
1ª RFEF (Group 2) CE Europa
22%
1ª RFEF (Group 1) Arenas de Getxo
21%
1ª RFEF (Group 1) Ourense CF
21%
1ª RFEF (Group 2) Betis Deportivo
20%
1ª RFEF (Group 2) Eldense
20%
1ª RFEF (Group 1) Pontevedra
19%
1ª RFEF (Group 1) Barakaldo
17%
1ª RFEF (Group 1) Bilbao Athletic
17%
1ª RFEF (Group 1) Celta Fortuna
17%
1ª RFEF (Group 1) AD Merida
16%
1ª RFEF (Group 1) CP Cacereño
16%
1ª RFEF (Group 1) Real Aviles Industrial
16%
1ª RFEF (Group 1) Osasuna Promesas
15%
1ª RFEF (Group 1) Ponferradina
15%
1ª RFEF (Group 1) Zamora CF
15%
1ª RFEF (Group 1) CF Talavera
14%
1ª RFEF (Group 2) SD Tarazona
14%
1ª RFEF (Group 2) Algeciras CF
12%
1ª RFEF (Group 2) Antequera CF
12%
1ª RFEF (Group 2) Juventud Torremolinos
10%
1ª RFEF (Group 1) Arenteiro
9%
1ª RFEF (Group 2) Atletico Sanluqueño
9%
No matching quizzes found
Score Distribution
Percent of People with Each Score
Percentile by Number Answered
Your Score History
You have not taken this quiz